Globalization and Climate Change - Are State Interventions a Solution?

Klimatické zmeny a to, čo ich najviac ovplyvňuje. Správanie spoločnosti z hľadiska ekonomickej teórie. Dôsledky zmeny klímy na hospodárstvo. Ekonomické teórie a problém zmeny klímy. Malé návrhy na zníženie dopadov klimatických zmien.

Salvato in:
Dettagli Bibliografici
Autore principale: Poláčková, Hana, 1968-
Natura: Capitolo di libro
Lingua:inglese
Soggetti:
Tags: Aggiungi Tag
Nessun Tag, puoi essere il primo ad aggiungerne!!

MARC

LEADER 00000naa$a2200000$$$4500
001 0258860
005 20240502103843.9
041 0 |a eng 
044 |a HR 
245 1 0 |a Globalization and Climate Change - Are State Interventions a Solution?  |c Hana Poláčková 
520 |a Klimatické zmeny a to, čo ich najviac ovplyvňuje. Správanie spoločnosti z hľadiska ekonomickej teórie. Dôsledky zmeny klímy na hospodárstvo. Ekonomické teórie a problém zmeny klímy. Malé návrhy na zníženie dopadov klimatických zmien. 
610 2 0 |a zmeny klimatické 
610 2 0 |a teórie ekonomické 
610 2 0 |a globalizácia 
100 1 |a Poláčková, Hana, 1968-